000 00693nam a2200253Ia 4500
003 OSt
005 20221007110727.0
006 a|||||r|||| 00| 0
007 ta
008 221006b |||||||| |||| 00| 0 eng d
024 _a21,714
037 _cTextual
040 _aLCO
_cLCO
_beng
041 _2eng
_aeng
082 _aX8(A):979CqN47, M5
100 _aKatju Markanday
_9682860
245 0 _aIndustrial Tribunal Forword by P.N. Bhagwati
250 _a1st
260 _aAllahabad
_bModern Law Publications India
_c1985
300 _a256
650 _aTRIBUNAL
_9707813
942 _hX8(A):979CqN47, M5
_cTEXL
999 _c1191277
_d1191277